<?xml version="1.0" encoding="UTF-8"?>
<record
    xmlns:xsi="http://www.w3.org/2001/XMLSchema-instance"
    xsi:schemaLocation="http://www.loc.gov/MARC21/slim http://www.loc.gov/standards/marcxml/schema/MARC21slim.xsd"
    xmlns="http://www.loc.gov/MARC21/slim">

  <leader>00904nam a22002057a 4500</leader>
  <controlfield tag="003">PE-LiUPU</controlfield>
  <controlfield tag="005">20240416171442.0</controlfield>
  <controlfield tag="008">240416b        |||||||| |||| 00| 0 spa d</controlfield>
  <datafield tag="020" ind1=" " ind2=" ">
    <subfield code="a">85-7392-399-7</subfield>
  </datafield>
  <datafield tag="040" ind1=" " ind2=" ">
    <subfield code="a">PE-LiUPU</subfield>
    <subfield code="b">spa</subfield>
    <subfield code="c">PE-LiUPU</subfield>
    <subfield code="e">rda</subfield>
  </datafield>
  <datafield tag="082" ind1=" " ind2=" ">
    <subfield code="2">23</subfield>
    <subfield code="a">220</subfield>
  </datafield>
  <datafield tag="245" ind1=" " ind2=" ">
    <subfield code="a">Traducci&#xF3;n del Nuevo Mundo de las Santas Escrituras /</subfield>
    <subfield code="c">Testigos de Jehov&#xE1;</subfield>
  </datafield>
  <datafield tag="250" ind1=" " ind2=" ">
    <subfield code="a">Tercera  edici&#xF3;n</subfield>
  </datafield>
  <datafield tag="264" ind1=" " ind2=" ">
    <subfield code="a">Brasil ;</subfield>
    <subfield code="b">Watch Tower Bible and Track Society of Pennsylvania, </subfield>
    <subfield code="c">1987.</subfield>
  </datafield>
  <datafield tag="300" ind1=" " ind2=" ">
    <subfield code="a">1659 p&#xE1;ginas :</subfield>
    <subfield code="c">17 cent&#xED;metros</subfield>
  </datafield>
  <datafield tag="500" ind1=" " ind2=" ">
    <subfield code="a">Una traducci&#xF3;n revisada basada en la versi&#xF3;n de 1984 en ingl&#xE9;s, pero consultando fielmente los antiguos textos hebreos y griego. Incluye pr&#xF3;logo, tabla de los libros de la Biblia e  &#xED;ndice de palabras b&#xED;blicas.</subfield>
  </datafield>
  <datafield tag="710" ind1=" " ind2=" ">
    <subfield code="a">Comit&#xE9; del Nuevo Mundo</subfield>
    <subfield code="9">3957</subfield>
    <subfield code="e">traductor.</subfield>
  </datafield>
  <datafield tag="710" ind1=" " ind2=" ">
    <subfield code="a">Watch Tower Bible and Track Society</subfield>
    <subfield code="e">editor.</subfield>
    <subfield code="9">3958</subfield>
  </datafield>
  <datafield tag="942" ind1=" " ind2=" ">
    <subfield code="2">ddc</subfield>
    <subfield code="c">BK</subfield>
    <subfield code="n">0</subfield>
  </datafield>
  <datafield tag="999" ind1=" " ind2=" ">
    <subfield code="c">62377</subfield>
    <subfield code="d">62376</subfield>
  </datafield>
  <datafield tag="980" ind1=" " ind2=" ">
    <subfield code="6">18228</subfield>
    <subfield code="a">Christian Lazo Analista Documental</subfield>
    <subfield code="8">18228</subfield>
    <subfield code="g">Christian Lazo Analista Documental</subfield>
  </datafield>
</record>
